Countries With the USA Quiz Stats

Quiz Updated Apr 28, 2012

Challenge
Share
Tweet
Embed
Score 0/20 Timer 04:00
4 Plays Today
Country % Correct
Australia
78.7%
Russia
78.1%
United States of America
71.8%
Austria
69.7%
South Africa
62.1%
Saudi Arabia
53.9%
Uzbekistan
53.2%
United Arab Emirates
52.6%
South Korea
50%
South Sudan
49.8%
Country % Correct
Sudan
49.3%
Belarus
44.5%
Turkmenistan
42.2%
Suriname
36.5%
Honduras
31.7%
Tunisia
29.6%
Mauritius
29.5%
Saint Lucia
25.3%
Guinea-Bissau
24.6%
Burkina Faso
21.7%

You're not logged in!

Compare scores with friends on all Sporcle quizzes.
Join for Free
OR
Log In

You Might Also Like...

Show Comments

Extras

Top Quizzes Today


Score Distribution

Your Account Isn't Verified!

In order to create a playlist on Sporcle, you need to verify the email address you used during registration. Go to your Sporcle Settings to finish the process.

Report this User

Report this user for behavior that violates our Community Guidelines.

Details: